INFORME FINAL DEL EJERCICIO PROFESIONAL SUPERVISADO REALIZADO EN PROYECTA, COBÁN, ALTA VERAPAZ/ (Registro nro. 1233)
[ vista simple ]
| 000 -LEADER | |
|---|---|
| campo de control de longitud fija | 02793nam a22003257a 4500 |
| 001 - NÚMERO DE CONTROL | |
| campo de control | EPSCPA 0005 |
| 003 - IDENTIFICADOR DE NÚMERO DE CONTROL | |
| campo de control | gtcocun |
| 005 - FECHA Y HORA DE LA ÚLTIMA TRANSACCIÓN | |
| campo de control | 20250820180400.0 |
| 006 - CÓDIGOS DE INFORMACIÓN DE LONGITUD FIJA--CARACTERÍSTICAS DEL MATERIAL ADICIONAL | |
| campo de control de longitud fija | a||||gr|||| 00| 0 |
| 007 - CAMPO FIJO DE DESCRIPCIÓN FÍSICA--INFORMACIÓN GENERAL | |
| campo de control de longitud fija | ta |
| 008 - DATOS DE LONGITUD FIJA--INFORMACIÓN GENERAL | |
| campo de control de longitud fija | 250820b2015 gt ||||| m||| 00| 0 eng d |
| 040 ## - FUENTE DE CATALOGACIÓN | |
| Centro catalogador/agencia de origen | gtcocun |
| Lengua de catalogación | SPA |
| Centro/agencia transcriptor | gtcocun |
| Normas de descripción | RDA |
| 041 ## - CÓDIGO DE IDIOMA | |
| Código de lengua del texto/banda sonora o título independiente | SPA EPSCPA 0005 |
| 084 ## - OTRO NÚMERO DE CLASIFICACIÓN | |
| Número de control del registro de autoridad o número normalizado | EPSCPA 0005 |
| 100 ## - ENTRADA PRINCIPAL--NOMBRE DE PERSONA | |
| Nombre de persona | Reyes Pereira, Nestor Alejandro |
| Término indicativo de función/relación | Autor |
| 245 ## - MENCIÓN DEL TÍTULO | |
| Título | INFORME FINAL DEL EJERCICIO PROFESIONAL SUPERVISADO REALIZADO EN PROYECTA, COBÁN, ALTA VERAPAZ/ |
| Mención de responsabilidad, etc. | Nestor Alejandro Reyes Pereira. |
| Medio | Impreso |
| 264 ## - PRODUCCIÓN, PUBLICACIÓN, DISTRIBUCIÓN, FABRICACIÓN Y COPYRIGHT | |
| Producción, publicación, distribución, fabricación y copyright | Cobán, Alta Verapaz: |
| Nombre del de productor, editor, distribuidor, fabricante | Universidad de San Carlos de Guatemala, Centro Universitario del Norte, Carrera de Contaduría Pública y Auditoría |
| Fecha de producción, publicación, distribución, fabricación o copyright | 2015 |
| 300 ## - DESCRIPCIÓN FÍSICA | |
| Extensión | 106 p.: |
| Otras características físicas | Ilustraciones, gráficas. |
| Dimensiones | 28 cm; |
| 336 ## - TIPO DE CONTENIDO | |
| Fuente | rdacontenido |
| Término de tipo de contenido | Texto |
| Código de tipo de contenido | txt |
| 337 ## - TIPO DE MEDIO | |
| Fuente | rdamedio |
| Nombre/término del tipo de medio | Computadora |
| Código del tipo de medio | n |
| 338 ## - TIPO DE SOPORTE | |
| Fuente | rdasoporte |
| Nombre/término del tipo de soporte | Código en línea |
| Código del tipo de soporte | cr |
| 502 ## - NOTA DE TESIS | |
| identificador de la tesis | EPSCPA 0005 |
| 502 ## - NOTA DE TESIS | |
| Nota de tesis | Tesis de grado |
| Tipo de título | Carrera de Contaduría Pública y Auditoría, |
| Nombre de la institución que otorga el título | Universidad de San Carlos de Guatemala, Centro Universitario del Norte, Carrera de Contaduría Pública y Auditoría |
| Año de obtención del título | 2015 |
| Identificador de la tesis | EPSCPA 0005 |
| 520 14 - RESUMEN, ETC. | |
| Sumario, etc. | En el desarrollo del Ejercicio Profesional Supervisado se ha tenido la se oportunidad de intervenir de forma positiva, en la primera intervención profesional se realizó una auditoría fiscal preventiva derivado de las irregularidades detectadas dentro de las declaraciones del Impuesto al valor Agregado correspondiente a los períodos de enero a diciembre de los años 2010, 2011, 2012, 2013, y 2014. Lo que tuvo como objetivo principal brindar información a la gerencia sobre el manejo de los impuestos.<br/><br/>Para su ejecución se elaboró un plan de auditoria, para el cual, se elaboraron lista de chequeos, Se hizo un estudio de antecedentes, declaraciones fiscales, libros- registro, documentación de soporte, métodos y legislación de carácter fiscal; para la comprensión de la problemática fiscal de la entidad, se solicitó información y documentación referente a declaraciones mensuales de IVA e impuesto sobre la renta. Se verificaron los cálculos de impuesto al valor agregado. Se aplicaron pruebas de cumplimiento y control. Se realizaron pruebas sustantivas y selectivas para la revisión de los documentos por los periodos auditados. Se analizaron las evidencias y se desarrollaron conclusiones. Se informó sobre el riesgo fiscal contraído.<br/> |
| 650 14 - PUNTO DE ACCESO ADICIONAL DE MATERIA--TÉRMINO DE MATERIA | |
| Fuente del encabezamiento o término | LEMB |
| Término de materia o nombre geográfico como elemento de entrada | Cobán, Alta Verapaz |
| Subdivisión general | Auditoría |
| -- | Auditoría fiscal preventiva |
| -- | Impuesto al Valor Agregado |
| -- | Impuestos |
| -- | Lista de chequeos |
| -- | Declaraciones fiscales |
| 700 ## - ENTRADA AGREGADA--NOMBRE PERSONAL | |
| Término indicativo de función/relación | Asesor |
| 856 ## - LOCALIZACIÓN Y ACCESO ELECTRÓNICOS | |
| Identificador Uniforme de Recurso | <a href="Sin archivo en línea ">Sin archivo en línea </a> |
| Nota pública | Sin archivo en línea |
| 942 ## - ELEMENTOS DE ENTRADA SECUNDARIOS (KOHA) | |
| Fuente de la clasificación o esquema de estantería | Clasificación Decimal Dewey |
| Tipo de ítem Koha | TESIS |
| Parte de la signatura que identifica el ejemplar (Parte del ítem) | EPSCPA 0005 |
| Prefijo de la signatura | Clasificación |
| Suprimir en OPAC | No |
| -- | EPSCPA_0005_000000000000000 |
| Estatus retirado | Estado de pérdida | Fuente de la clasificación o esquema de estantería | Estado de daño | No para préstamo | Colección | Biblioteca de origen | Biblioteca actual | Ubicación en estantería | Fecha de adquisición | Número de inventario | Total de préstamos | Signatura topográfica completa | Código de barras | Visto por última vez | Precio de reemplazo | Tipo de ítem Koha |
|---|---|---|---|---|---|---|---|---|---|---|---|---|---|---|---|---|
| Clasificación Decimal Dewey | tesis | BIBLIOTECA- CUNOR -JOSÉ LUIS GONZALES ROSALES | BIBLIOTECA- CUNOR -JOSÉ LUIS GONZALES ROSALES | Colección tesis | 20/08/2025 | EPSCPA 0005 | EPSCPA 0005 | EPSCPA 0005 | 20/08/2025 | 20/08/2025 | TESIS |